00333nam a2200109Ia 4500008004100000082001700041100001800058245003000076942000600106952009800112999001300210240331s9999 xx 000 0 und d a200.042bBAL aBalasuriya, T 0aMary and human liberation cL 001040708LaWERCLbWERCLcSSCd2024-03-31l0o 200.042 BALp225r2024-03-31w2024-03-31yL c797d797